Statistics for All CS:GO Major winners

Click here to take the quiz!

General Stats

  • This quiz has been taken 72 times
    (51 since last reset)
  • The average score is 14 of 19

Answer Stats

TournamentWinner% Correct
PGL Major Stockholm 2021NAVI
90%
ELEAGUE Major Atlanta 2017Astralis
88%
StarLadder Berlin Major 2019Astralis
88%
Intel Extreme Masters XIII - Katowice Major 2019Astralis
88%
FACEIT Major: London 2018Astralis
88%
PGL Major Antwerp 2022FaZe
83%
ESL One: Cologne 2014NiP
81%
ESL One: Cologne 2015Fnatic
79%
ESL One: Katowice 2015Fnatic
79%
DreamHack Winter 2013Fnatic
79%
BLAST.tv Paris Major 2023Vitality
79%
ELEAGUE Major Boston 2018Cloud9
76%
ESL Major Series One Katowice 2014Virtus.pro
71%
ESL One: Cologne 2016SK
67%
DreamHack Open Cluj⁠-⁠Napoca 2015Envy
52%
Intel Extreme Masters Rio Major 2022Outsiders
52%
PGL Major Kraków 2017Gambit
48%
DreamHack Winter 2014LDLC
40%
MLG Major Championship: Columbus 2016LG
31%

Score Distribution

Percentile by Number Answered

Percent of People with Each Score

Your Score History

You have not taken this quiz since the last reset